L'Alt Urgell : estructura territorial, recursos i activitat econòmica / Xavier Campillo ... [et al.] ; prologat per Alfred Pastor i Bodmer estructura territorial, recursos i activitat econòmica / Xavier Campillo ... [et al.] ; prologat per Alfred Pastor i Bodmer
Descripción Física:
XI, 214 p. : il., gràf. ; 24 cm
Colección:
Catalunya comarcal
Materias:
Alt Urgell -- Condicions econòmiques
MARC
| LEADER | 00000nam a2200000Ia 4500 | ||
|---|---|---|---|
| 001 | 9732 | ||
| 008 | 160829s1992 xx 000 0 cat d | ||
| 080 | |a M-2-36 | ||
| 245 | |a L'Alt Urgell : |b estructura territorial, recursos i activitat econòmica / Xavier Campillo ... [et al.] ; prologat per Alfred Pastor i Bodmer | ||
| 260 | |a Barcelona : |b Caixa d'Estalvis de Catalunya, |c 1992 | ||
| 300 | |a XI, 214 p. : |b il., gràf. ; |c 24 cm | ||
| 490 | |a Catalunya comarcal | ||
| 650 | |a Alt Urgell |x Condicions econòmiques |9 35365 | ||
| 700 | |a Campillo, Xavier |9 40947 | ||
| 700 | |a Pastor Bodmer, Alfredo, pr. |9 35367 | ||
| 901 | |a Arxiu | ||
| 942 | |n 1 | ||
| 952 | |0 0 |1 0 |4 0 |6 M236 |7 1 |9 46866 |a Arxiu |b Arxiu |d 2016-12-01 |l 0 |o M-2-36 |p 9732 |r 2016-12-01 00:00:00 |w 2016-12-01 |y ARXIU | ||
| 999 | |c 50659 |d 50659 | ||